000 00304nam a2200133Ia 4500
999 _c6611
_d6611
008 200302s9999 xx 000 0 und d
082 _a720.22
_bGIL
100 _aRobert W. Gill
245 _aRendering with pen + Ink
260 _bThomes & Hudson Ltd.
260 _c2015
300 _a400
942 _2ddc